[Event "Foment Martinenc op-A 16th"]
[Site "Barcelona"]
[Date "2014.06.21"]
[Round "9"]
[White "Martinez Lopez, Carlos"]
[Black "Gonzales Perez, Jose Anibal"]
[Result "1/2-1/2"]
[WhiteElo "1780"]
[BlackElo "2152"]
[PlyCount "109"]
[EventDate "2014.04.26"]
[EventType "swiss"]
[EventRounds "9"]
[EventCountry "ESP"]
[SourceTitle "EXT 2015"]
[Source "ChessBase"]
[SourceDate "2014.11.20"]
[SourceVersion "1"]
[SourceVersionDate "2014.11.20"]
[SourceQuality "1"]

1. e4 e5 2. Nf3 Nc6 3. Bb5 a6 4. Ba4 Nf6 5. 0-0 b5 6. Bb3 Be7 7. Re1 d6 8. c3 Na5 9. Bc2 c5 10. h3 Nc6 11. d4 Qc7 12. d5 Nb8 13. a4 Ra7 14. b3 0-0 15. Nbd2 Nbd7 16. Nf1 Re8 17. Ng3 Nf8 18. Be3 Rb7 19. axb5 axb5 20. Ra2 Bd7 21. Qd2 Ra7 22. Rea1 Rea8 23. Bd1 Bd8 24. Qb2 Ng6 25. Nd2 Rxa2 26. Rxa2 Rxa2 27. Qxa2 Qa5 28. Qxa5 Bxa5 29. Ne2 Nh5 30. Nb1 Nhf4 31. Bxf4 Nxf4 32. Nxf4 exf4 33. c4 bxc4 34. bxc4 Bb4 35. Kf1 f5 36. Bc2 fxe4 37. Bxe4 f3 38. h4 fxg2+ 39. Kxg2 Kf7 40. Bxh7 g6 41. h5 Bf5 42. Bxg6+ Bxg6 43. hxg6+ Kxg6 44. Kf3 Kf5 45. Ke3 Ke5 46. f3 Kf5 47. Nd2 Bc3 48. Ne4 Bd4+ 49. Kd3 Be5 50. Nd2 Kf4 51. Ke2 Bc3 52. Ne4 Be5 53. Nf2 Kf5 54. Ne4 Kf4 55. Nf2 1/2-1/2

[Event "Foment Martinenc op-A 16th"]
[Site "Barcelona"]
[Date "2014.06.14"]
[Round "8"]
[White "Echarri Torres, Miguel"]
[Black "Gonzales Perez, Jose Anibal"]
[Result "1/2-1/2"]
[WhiteElo "2042"]
[BlackElo "2152"]
[PlyCount "42"]
[EventDate "2014.04.26"]
[EventType "swiss"]
[EventRounds "9"]
[EventCountry "ESP"]
[SourceTitle "EXT 2015"]
[Source "ChessBase"]
[SourceDate "2014.11.20"]
[SourceVersion "1"]
[SourceVersionDate "2014.11.20"]
[SourceQuality "1"]

1. d4 Nf6 2. Nf3 g6 3. c4 Bg7 4. Nc3 d5 5. Bg5 Ne4 6. cxd5 Nxg5 7. Nxg5 e6 8. Qd2 h6 9. Nf3 exd5 10. e3 0-0 11. Be2 Be6 12. 0-0 Nd7 13. b4 Qe7 14. Ne1 Qxb4 15. Rb1 Qa5 16. Rb5 Qa3 17. Rxb7 c6 18. Nd3 Nb6 19. Nc5 Qa5 20. Nb3 Qa3 21. Nc5 Qa5 1/2-1/2

[Event "Foment Martinenc op-A 16th"]
[Site "Barcelona"]
[Date "2014.05.24"]
[Round "5"]
[White "Gonzales Perez, Jose Anibal"]
[Black "Garcia Castellote, Oscar"]
[Result "1/2-1/2"]
[WhiteElo "2152"]
[BlackElo "2071"]
[PlyCount "55"]
[EventDate "2014.04.26"]
[EventType "swiss"]
[EventRounds "9"]
[EventCountry "ESP"]
[SourceTitle "EXT 2015"]
[Source "ChessBase"]
[SourceDate "2014.11.20"]
[SourceVersion "1"]
[SourceVersionDate "2014.11.20"]
[SourceQuality "1"]

1. g3 g6 2. Bg2 Bg7 3. c4 d6 4. Nc3 Nf6 5. d4 0-0 6. Nf3 Nbd7 7. 0-0 e5 8. dxe5 dxe5 9. e4 c6 10. Qe2 Qe7 11. h3 a5 12. b3 Re8 13. Rd1 Bf8 14. Be3 Nc5 15. Ne1 Nfd7 16. Rd2 h5 17. Rad1 h4 18. Nf3 hxg3 19. fxg3 Ne6 20. Na4 Nec5 21. Nc3 Ne6 22. Qf2 Bg7 23. Ne1 Ndc5 24. Nd3 Nxd3 25. Rxd3 Nd4 26. Ne2 c5 27. Nc3 Be6 28. Kh2 1/2-1/2

[Event "Foment Martinenc op-A 15th"]
[Site "Barcelona"]
[Date "2013.04.27"]
[Round "2"]
[White "Gonzales Perez, Jose Anibal"]
[Black "Hernandez Funes, Hector"]
[Result "1-0"]
[WhiteElo "2132"]
[BlackElo "1916"]
[PlyCount "39"]
[EventDate "2013.04.20"]
[EventType "swiss"]
[EventRounds "9"]
[EventCountry "ESP"]
[SourceTitle "CBM 154 Extra"]
[Source "ChessBase"]
[SourceDate "2013.06.25"]
[SourceVersion "2"]
[SourceVersionDate "2013.06.25"]
[SourceQuality "1"]

1. e4 c5 2. c3 Nf6 3. e5 Nd5 4. Bc4 Nb6 5. Bb3 e6 6. Nf3 Nc6 7. 0-0 d6 8. Qe2 Qc7 9. d4 cxd4 10. cxd4 dxe5 11. dxe5 Bc5 12. Nc3 a6 13. Bf4 Nd4 14. Nxd4 Bxd4 15. Rac1 Bxc3 16. Rxc3 Qe7 17. Qg4 0-0 18. Bg5 Qe8 19. Bf6 g6 20. Qg5 1-0